000 00552nam a22001697a 4500
003 NUST
038 _aNusrat Nadeem
082 _a200
100 _aTariq, Hamza
_9123395
245 _aData-Driven modelling and control of ungauged Watershed: A Case-Study of Namal Lake/
_cHamza Tariq
264 _aIslamabad;
_bSEECS NUST;
_c2024:
300 _a67,p;
_bill;
_c30,cm;
650 _aMS- Electrical Engineering
_923567
700 _aSupervisor: Dr. Usman Ali
_970055
856 _u http://10.250.8.41:8080/xmlui/handle/123456789/43909
942 _2ddc
_cTHE
999 _c609596
_d609596